| 000 | 00892nam a2200241Ia 4500 | ||
|---|---|---|---|
| 003 | CO-CtgCURN | ||
| 005 | 20250408220433.0 | ||
| 008 | 190723s9999 xx 000 0 und d | ||
| 020 | _a9586762955 | ||
| 040 |
_aCO-CtgCURN _bspa _ccoctgcurn |
||
| 082 |
_a346.02 _bB677n |
||
| 100 | _aBohorquez Orduz, Antonio | ||
| 245 | 0 |
_aDe los negocios jurídicos en el derecho privado colombiano : _bde algunos contratos en particular / _cAntonio Bohorquez Orduz |
|
| 260 |
_aBogotá, Colombia : _bEdiciones Doctrina y Ley, _c2005 |
||
| 300 |
_a758 páginas ; _c23 centímetros |
||
| 521 | _aAREA PROFESIONAL | ||
| 590 | _aPrograma de Derecho_18 | ||
| 650 | _aContratos | ||
| 650 | _aDerecho privado | ||
| 942 |
_cBK _h346.02 _iB677n _2ddc _n0 |
||
| 999 |
_c29122 _d29122 |
||